000 00328nam a22001337a 4500
008 181025b xxu||||| |||| 00| 0 eng d
020 _a9780789722065
041 _aeng
080 _24 ED
_a004
100 _a30
101 _aSHK
245 _aThe Idots Guide To Upgrading And Reparing Pcs
_cFulton.J
942 _2udc
_cBK
999 _c50908
_d50908